000 00584nam a2200205Ia 4500
003 OSt
005 20250125093801.0
008 210210b1974 xxu||||| |||| 00| 0 eng d
040 _cAL
041 _aKannada
082 _aK894.109 VENK
100 _aVENKATRAYA ANANDA SHENAI.
_dವೆಂಕಟರಾಯ ಆನಂದ ಶೆಣೈ
_9195409
245 _aKanakadarshana.
_bಕನಕದರ್ಶನ
260 _aMumbayi
_bShri dvaipayana Tast
_c1974
300 _a140
650 _aShenoy
_9195410
690 _aKannada Poetry Criticism
_9195411
906 _a031107
942 _2ddc
_cBK
999 _c82263
_d82263